| 000 | 00807nam a22002177a 4500 | ||
|---|---|---|---|
| 999 |
_c7632 _d7632 |
||
| 003 | AR-CdUCM | ||
| 008 | 190321b ||||| |||| 00| 0 spa d | ||
| 020 | _a978-9972-38-336-6 | ||
| 040 |
_aMUNICIPALIDAD PROVINCIAL DEL CUSCO _cBIBLIOTECA MUNICIPAL DEL CUSCO |
||
| 082 |
_a530.076 / _bA88 |
||
| 100 |
_aAucallanchi Velásquez, Félix _921551 |
||
| 245 | _aFísica / | ||
| 260 |
_aLima : _bSan Marcos, _c2013. |
||
| 300 |
_a421 páginas ; _bIlustraciones, _c21.5 cm. |
||
| 440 |
_aCurso básico _921552 |
||
| 505 | _aAnálisis dimensional -- Análisis vectorial -- Mecánica de los sólidos -- Movimiento rectilíneo --Caída libre vertical -- Gráficos del movimiento referido al tiempo ... | ||
| 650 |
_aFísica _92382 |
||
| 650 |
_aProblemas y ejercicios _919781 |
||
| 942 |
_2ddc _cLIBROS |
||
| 945 | _aacv | ||